Rock-forming minerals / (Record no. 11923)

MARC details
000 -LEADER
fixed length control field 01436nam a22003255ia4500
001 - CONTROL NUMBER
control field 2760818
003 - CONTROL NUMBER IDENTIFIER
control field EG-ScBUE
005 - DATE AND TIME OF LATEST TRANSACTION
control field 20260104101309.0
008 - FIXED-LENGTH DATA ELEMENTS--GENERAL INFORMATION
fixed length control field 790806s1966 nyua f b 001 0 eng d
040 ## - CATALOGING SOURCE
Original cataloging agency EG-ScBUE
Language of cataloging eng
Description conventions rda
Transcribing agency EG-ScBUE
Modifying agency EG-ScBUE
082 04 - DEWEY DECIMAL CLASSIFICATION NUMBER
Classification number 549
Item number DEE
Edition number 22
100 1# - MAIN ENTRY--PERSONAL NAME
Personal name Deer, W. A.
Fuller form of name (William Alexander),
9 (RLIN) 6474
Relator term author.
245 10 - TITLE STATEMENT
Title Rock-forming minerals /
Statement of responsibility, etc W. A. Deer, M.Sc., Ph.D., F.R.S., professor of mineralogy and petrology, Cambridge University, R. A. Howie, M.A., Ph.D., F.G.S., reader in geology, London University (King's College), J. Zussman, M.A., Ph.D., F.Inst.P., reader in mineralogy, Oxford Univerdity.
250 ## - EDITION STATEMENT
Edition statement Fifth impression.
264 #1 - PUBLICATION, DISTRIBUTION, ETC. (IMPRINT)
Place of publication, distribution, etc New York, N.Y. :
Name of publisher, distributor, etc John Wiley and Sons, INC.,
Date of publication, distribution, etc 1966.
300 ## - PHYSICAL DESCRIPTION
Extent 4 volumes :
Other physical details illustrations ;
Dimensions 25 cm
336 ## - CONTENT TYPE
Source rdacontent
Content type term text
Content type code txt
337 ## - MEDIA TYPE
Media type term unmediated
Source rdamedia
Media type code n
338 ## - CARRIER TYPE
Carrier type term volume
Carrier type code nc
Source rdacarrier
504 ## - BIBLIOGRAPHY, ETC. NOTE
Bibliography, etc Includes bibliographical references and index.<br/>
505 0# - FORMATTED CONTENTS NOTE
Formatted contents note Volume 1. Ortho- and ring silicates -- Volume 2. Chain Silicates -- Volume 3. Sheet Silicates -- Volume 5. Non- Silicates.
650 #7 - SUBJECT ADDED ENTRY--TOPICAL TERM
Topical term or geographic name as entry element Rock-forming minerals.
9 (RLIN) 6475
Source of heading or term BUEsh
650 #7 - SUBJECT ADDED ENTRY--TOPICAL TERM
Topical term or geographic name as entry element Silicate minerals.
9 (RLIN) 6476
Source of heading or term BUEsh
650 #7 - SUBJECT ADDED ENTRY--TOPICAL TERM
Topical term or geographic name as entry element Rocks.
9 (RLIN) 6477
Source of heading or term BUEsh
653 ## - INDEX TERM--UNCONTROLLED
Resource For college Engineering, General
Arrived date list August2015
655 ## - INDEX TERM--GENRE/FORM
Form subdivision Reading book
700 1# - ADDED ENTRY--PERSONAL NAME
Personal name Howie, R. A.
Fuller form of name (Robert Andrew),
Relator term author.
9 (RLIN) 6478
700 1# - ADDED ENTRY--PERSONAL NAME
Personal name Zussman, J.,
Relator term author.
9 (RLIN) 6479
942 ## - ADDED ENTRY ELEMENTS (KOHA)
Source of classification or shelving scheme Dewey Decimal Classification
Koha item type Book - Borrowing
Holdings
Withdrawn status Lost status Source of classification or shelving scheme Damaged status Not for loan Collection code Home library Current library Shelving location Date acquired Source of acquisition Cost, normal purchase price Total Checkouts Full call number Barcode Date last seen Koha item type Public note
    Dewey Decimal Classification     Alef-Baa Central Library Central Library First floor 22/06/2009   150.00   549 DEE 000017064 15/07/2025 Book - Borrowing VOL .5
    Dewey Decimal Classification     Alef-Baa Central Library Central Library First floor 01/07/2009   150.00   549 DEE 000017262 15/07/2025 Book - Borrowing VOL.1
    Dewey Decimal Classification       Central Library Central Library First floor 01/07/2009 Purchase     549 DEE 000030254 15/07/2025 Book - Borrowing VOL.3
    Dewey Decimal Classification     Alef-Baa Central Library Central Library First floor 26/08/2015 Purchase 150.00   549 DEE 000016827 15/07/2025 Book - Borrowing VOL.2